| 000 | 00933cad a22002055a 4500 | ||
|---|---|---|---|
| 001 | L157070 | ||
| 008 | 120829s2012 xxk f 000 0 eng d | ||
| 020 | _a9781842198070 | ||
| 035 | _a(Sirsi) u157070 | ||
| 041 | 0 | _aeng | |
| 100 | 1 | _aDuggan, Paul D. | |
| 245 | 0 | 0 |
_aVillager participation in the relocation of El Gourna, Egypt _h[electronic resource] |
| 260 |
_aLondon _bRICS _c2012 |
||
| 490 | 0 | _aRICS Research | |
| 520 | _aExamines the effects of relocations which took place in Luxor and El Gourna, Egypt, and discusses the ways in which local villagers were involved. Looks at how local involvement and participation could be structured or enhanced to improve relocation outcomes. | ||
| 651 | 4 | _aEgypt | |
| 690 |
_aPlanning and development _96259 |
||
| 856 | 4 | 0 |
_uhttps://www.rics.org/profession-standards/knowledge-and-information-services/document-delivery-and-o _zemail [email protected] to request a copy |
| 942 | _n0 | ||
| 999 |
_c114572 _d114572 |
||